000 00329nam a2200133Ia 4500
008 191201s2011 xx 000 0 und d
100 _aFOX, Robert W
245 0 _aIntroduction to Fluid Mechanics
250 _aRep
260 _aN. Delhi
_bWiley Dreautech India
_c2011
300 _a754
650 _aB.Tech(CE)
942 _2ddc
_cBK
999 _c5520
_d5520